[Event "NOR-chT Clubs"]
[Site "Drammen"]
[Date "2022.05.26"]
[Round "2"]
[White "Kristiansen, Tore"]
[Black "Johannessen, Heine N"]
[Result "0-1"]
[WhiteElo "1736"]
[BlackElo "1939"]
[PlyCount "46"]
[EventDate "2022.05.26"]
[EventType "team-swiss"]
[EventRounds "6"]
[EventCountry "NOR"]
[SourceTitle "EXT 2024"]
[Source "ChessBase"]
[SourceDate "2023.10.10"]
[SourceVersion "1"]
[SourceVersionDate "2023.10.10"]
[SourceQuality "1"]
[WhiteTeam "Kristiansund"]
[BlackTeam "Bergens"]
[WhiteTeamCountry "NOR"]
[BlackTeamCountry "NOR"]

1. e4 c5 2. Nf3 g6 3. d4 cxd4 4. Nxd4 Nc6 5. Nc3 Bg7 6. Be3 Nf6 7. Qd2 0-0 8. Be2 d5 9. exd5 Nxd5 10. Nxd5 Qxd5 11. Nxc6 bxc6 12. Qxd5 cxd5 13. 0-0-0 Rd8 14. c3 e5 15. Bb5 Bb7 16. f3 d4 17. cxd4 exd4 18. Bf4 Rac8+ 19. Kd2 d3 20. Bxd3 Ba6 21. Ke2 Rc2+ 22. Ke3 Bd4+ 23. Ke4 Bb7# 0-1

[Event "Molde Rosecupen A"]
[Site "Molde"]
[Date "2018.06.01"]
[Round "1.1"]
[White "Solberg, Joachim Krokvik"]
[Black "Kristiansen, Tore"]
[Result "1-0"]
[WhiteElo "2265"]
[BlackElo "1803"]
[PlyCount "57"]
[EventDate "2018.06.01"]
[EventType "swiss (rapid)"]
[EventRounds "6"]
[EventCountry "NOR"]
[SourceTitle "EXT 2024"]
[Source "ChessBase"]
[SourceDate "2023.10.10"]
[SourceVersion "1"]
[SourceVersionDate "2023.10.10"]
[SourceQuality "1"]

1. e4 e5 2. Nf3 Nc6 3. Bc4 Bc5 4. c3 a6 5. Bb3 Nf6 6. d3 Ba7 7. 0-0 0-0 8. Nbd2 d5 9. h3 dxe4 10. dxe4 Qe7 11. Re1 Be6 12. Nf1 Rad8 13. Qe2 Rd7 14. Ng3 Rfd8 15. Nh4 Bxb3 16. axb3 Qe6 17. b4 Ne7 18. Nhf5 Nxf5 19. Nxf5 g6 20. Nh6+ Kg7 21. b5 Rd6 22. Bg5 R8d7 23. bxa6 bxa6 24. Kh2 Nh5 25. Nf5+ gxf5 26. exf5 Qxf5 27. Qxh5 Rg6 28. Bh6+ Kg8 29. Qxf5 1-0

[Event "Alesund Grand Prix A"]
[Site "Alesund"]
[Date "2018.04.07"]
[Round "4"]
[White "Kizatbay, Abyl"]
[Black "Kristiansen, Tore"]
[Result "1-0"]
[WhiteElo "2095"]
[BlackElo "1770"]
[PlyCount "107"]
[EventDate "2018.04.07"]
[EventType "swiss"]
[EventRounds "6"]
[EventCountry "NOR"]
[SourceTitle "EXT 2024"]
[Source "ChessBase"]
[SourceDate "2023.10.10"]
[SourceVersion "1"]
[SourceVersionDate "2023.10.10"]
[SourceQuality "1"]

1. e4 c5 2. Nf3 g6 3. d4 cxd4 4. Nxd4 Bg7 5. c4 Nc6 6. Be3 Nf6 7. Nc3 0-0 8. Be2 d6 9. 0-0 Bd7 10. Qd2 Ng4 11. Bxg4 Bxg4 12. f3 Be6 13. b3 a6 14. Nce2 Bd7 15. Rac1 Rb8 16. Rfd1 Qc7 17. Kh1 Rfe8 18. b4 Nxd4 19. Bxd4 Ba4 20. Re1 Bxd4 21. Qxd4 Qd7 22. Nc3 b6 23. Nd5 Qd8 24. b5 axb5 25. cxb5 Bxb5 26. Nc7 Bd7 27. Nxe8 Bxe8 28. e5 dxe5 29. Qxe5 Rb7 30. h3 Ra7 31. Red1 Rd7 32. Rxd7 Qxd7 33. Rc7 Qd6 34. Rxe7 Qd1+ 35. Qe1 Qxe1+ 36. Rxe1 Bd7 37. a3 b5 38. Kg1 Be6 39. Re5 Bc4 40. g4 Kf8 41. g5 f6 42. gxf6 Kf7 43. Re7+ Kxf6 44. Rxh7 Ke6 45. Kf2 Kf5 46. h4 Kf6 47. Ke3 Kf5 48. Rc7 Bf1 49. Rc5+ Kf6 50. Kf4 Be2 51. Rc6+ Kf7 52. Rb6 Bd3 53. Kg5 Ke7 54. Rxg6 1-0

[Event "Politiken Cup 37th"]
[Site "Helsingor"]
[Date "2015.07.28"]
[Round "5"]
[White "Jensen, Thore Nyboe"]
[Black "Kristiansen, Tore"]
[Result "1/2-1/2"]
[WhiteElo "2008"]
[BlackElo "1784"]
[PlyCount "93"]
[EventDate "2015.07.25"]
[EventType "swiss"]
[EventRounds "10"]
[EventCountry "DEN"]
[SourceTitle "CBM 167 Extra"]
[Source "ChessBase"]
[SourceDate "2015.09.14"]
[SourceVersion "1"]
[SourceVersionDate "2015.09.14"]
[SourceQuality "1"]

1. e4 c5 2. Nf3 e6 3. d4 cxd4 4. c3 dxc3 5. Nxc3 d6 6. Bc4 Nc6 7. 0-0 Be7 8. Qe2 a6 9. Rd1 e5 10. Be3 Nf6 11. Bd5 Bg4 12. h3 Bxf3 13. Qxf3 0-0 14. Rac1 Rc8 15. a3 Nd7 16. b4 Bg5 17. Bxc6 Rxc6 18. Nd5 Bxe3 19. Qxe3 Nb8 20. a4 b5 21. axb5 axb5 22. Qd3 Qg5 23. Ne3 Rfc8 24. Rxc6 Nxc6 25. Qxb5 Nd4 26. Qb7 Qd8 27. Nd5 Rb8 28. Qa6 h6 29. Kh2 Ra8 30. Qc4 Rb8 31. Rc1 Nb5 32. Qc6 Kf8 33. Qa6 Nd4 34. Qc4 Nb5 35. f3 g6 36. Qc6 Nd4 37. Qa6 Ra8 38. Qb7 Rb8 39. Qc7 Nb5 40. Qxd8+ Rxd8 41. Kg1 Rb8 42. Rc6 Ke8 43. Kf2 Kd7 44. Ra6 Rb7 45. Nf6+ Ke6 46. Nd5 Kd7 47. Nf6+ 1/2-1/2

[Event "Politiken Cup 37th"]
[Site "Helsingor"]
[Date "2015.07.26"]
[Round "2"]
[White "Kristiansen, Tore"]
[Black "Boukhris, Yacine"]
[Result "1/2-1/2"]
[WhiteElo "1784"]
[BlackElo "2163"]
[PlyCount "103"]
[EventDate "2015.07.25"]
[EventType "swiss"]
[EventRounds "10"]
[EventCountry "DEN"]
[SourceTitle "CBM 167 Extra"]
[Source "ChessBase"]
[SourceDate "2015.09.14"]
[SourceVersion "1"]
[SourceVersionDate "2015.09.14"]
[SourceQuality "1"]

1. e4 e6 2. d4 d5 3. Nd2 Be7 4. Bd3 c5 5. dxc5 Nf6 6. Qe2 a5 7. Ngf3 Na6 8. e5 Nd7 9. c4 Ndxc5 10. Bb1 b6 11. 0-0 Nb4 12. a3 Nc6 13. b3 Ba6 14. Rd1 Qc7 15. Bb2 0-0 16. Bd4 Nxd4 17. Nxd4 dxc4 18. Nxc4 g6 19. Bc2 Rac8 20. Rac1 Bxc4 21. bxc4 Nd7 22. Nf3 Bxa3 23. Rb1 Rfd8 24. Ba4 Nc5 25. Bb5 Rxd1+ 26. Rxd1 Rd8 27. Nd4 Bb4 28. f4 Kg7 29. h3 Bc3 30. Nc6 Rxd1+ 31. Qxd1 Qd7 32. Qxd7 Nxd7 33. Nxa5 Nxe5 34. Nc6 Nd3 35. g3 Kf6 36. Kg2 h5 37. Kf3 Nc5 38. Ke3 Kf5 39. Kf3 Kf6 40. Ke3 Kf5 41. Kf3 Nb3 42. g4+ hxg4+ 43. hxg4+ Kf6 44. g5+ Kg7 45. Nb8 Nc5 46. Nd7 Nxd7 47. Bxd7 Kf8 48. Ke4 Ke7 49. Bc6 f6 50. gxf6+ Bxf6 51. Bb5 Kd6 52. Be8 1/2-1/2

[Event "NOR-chT"]
[Site "Fagernes"]
[Date "2013.09.27"]
[Round "1.10"]
[White "Kristiansen, Tore"]
[Black "Byklum, Bjornar"]
[Result "1/2-1/2"]
[WhiteElo "1810"]
[BlackElo "2309"]
[PlyCount "54"]
[EventDate "2013.09.27"]
[EventType "team-swiss"]
[EventRounds "6"]
[EventCountry "NOR"]
[SourceTitle "CBM 156 Extra"]
[Source "ChessBase"]
[SourceDate "2013.10.22"]
[SourceVersion "1"]
[SourceVersionDate "2013.10.22"]
[SourceQuality "1"]
[WhiteTeam "Lillehammer"]
[BlackTeam "SOSS"]
[WhiteTeamCountry "NOR"]
[BlackTeamCountry "NOR"]

1. d4 d5 2. Nf3 c5 3. c4 e6 4. cxd5 exd5 5. g3 Nc6 6. Bg2 Nf6 7. 0-0 Be7 8. Nc3 0-0 9. b3 Ne4 10. Bb2 Bf6 11. Na4 Re8 12. Rc1 b6 13. dxc5 Bxb2 14. Nxb2 bxc5 15. Nd2 Qf6 16. Nxe4 dxe4 17. Na4 Ba6 18. Qd2 Nd4 19. Rfe1 Rad8 20. Qe3 c4 21. bxc4 Qc6 22. Qa3 Rc8 23. Nb2 f5 24. Qc3 Red8 25. Bf1 Bb7 26. Bg2 Qh6 27. Rcd1 Qf6 1/2-1/2